000 00890nam a2200253 a 4500
001 62878
005 20180714065054.0
008 150612s2012 sp r 000 0 spa d
020 _a9788425429187
041 0 _aspa
082 0 _a155.5
_bBAL
100 1 _aBalbi, Elisa,
_eautor
245 1 0 _aAdolescentes violentos :
_bcon los otros, con ellos mismos /
_cElisa Balbi, Elena Boggiani, Michele Dolci, Giulia Rinaldi, traducción de Maria Pns Irazazábal.
250 _a[Primera edición]
264 1 _aEspaña :
_bHerder Editorial,
_c2012
300 _a189 páginas ;
_c22 cm.
336 _atexto
_2rdacontent
337 _asin mediación
_2rdamedia
338 _avolumen
_2rdacarrier
650 4 _aPsicología del adolescente
_xAdolescentes
700 1 _aBoggiani, Elena,
_eautor
700 1 _aPons Irazazábal, María
_etraductor
740 0 _aAdolescenti violenti
999 _c62878
_d62878